2024 UEFA EURO COUNTRIES - Statistics

General Stats
  • This quiz has been taken 33 times
  • The average score is 20 of 24
Answer Stats
Answer % Correct
Portugal
100%
France
96%
Germany
96%
Spain
96%
England
92%
Netherlands
92%
Austria
88%
Belgium
88%
Denmark
88%
Italy
88%
Scotland
88%
Switzerland
88%
Albania
85%
Croatia
85%
Ukraine
81%
Hungary
77%
Poland
77%
Slovakia
77%
Slovenia
77%
Turkey
77%
Czech Republic
73%
Romania
73%
Serbia
73%
Georgia
50%
No matching quizzes found
Score Distribution
Percent of People with Each Score
Percentile by Number Answered
Your Score History
You have not taken this quiz